[Event "DEM U18 2025"]
[Site "Willingen GER"]
[Date "2025.06.08"]
[Round "2"]
[White "Englert, Luca"]
[Black "Reichmann, Felix"]
[Result "1/2-1/2"]
[Termination "normal"]
[Board "6"]
[WhiteTitle "FM"]
[BlackTitle "CM"]
[WhiteElo "2333"]
[BlackElo "2138"]
[WhiteClock "00:31:59"]
[BlackClock "00:07:56"]
[PlyCount "146"]
[WhiteFideId "16293088"]
[BlackFideId "16238290"]
[EventCountry "GER"]
[EventRounds "9"]
[EventType "swiss"]
[EventDate "2025.06.07"]

1. e4 {[%clk 01:30:58]} {[%emt 00:00:01]} c5 {[%clk 01:30:48]} {[%emt
00:00:12]} 2. Nf3 {[%clk 01:31:23]} {[%emt 00:00:06]} Nc6 {[%clk 01:31:14]}
{[%emt 00:00:04]} 3. Bb5 {[%clk 01:31:48]} {[%emt 00:00:04]} g6 {[%clk
01:31:05]} {[%emt 00:00:38]} 4. O-O {[%clk 01:32:13]} {[%emt 00:00:06]} Bg7
{[%clk 01:31:24]} {[%emt 00:00:11]} 5. c3 {[%clk 01:32:34]} {[%emt 00:00:10]}
Nf6 {[%clk 01:29:57]} {[%emt 00:01:57]} 6. Re1 {[%clk 01:32:56]} {[%emt
00:00:07]} O-O {[%clk 01:29:12]} {[%emt 00:01:15]} 7. d4 {[%clk 01:33:20]}
{[%emt 00:00:07]} a6 {[%clk 01:28:48]} {[%emt 00:00:54]} 8. Bd3 {[%clk
01:30:16]} {[%emt 00:03:33]} d5 {[%clk 01:22:04]} {[%emt 00:07:15]} 9. e5
{[%clk 01:30:25]} {[%emt 00:00:20]} Ne4 {[%clk 01:22:11]} {[%emt 00:00:24]} 10.
Bxe4 {[%clk 01:23:45]} {[%emt 00:07:10]} dxe4 {[%clk 01:22:35]} {[%emt
00:00:05]} 11. Rxe4 {[%clk 01:24:06]} {[%emt 00:00:10]} Bf5 {[%clk 01:10:15]}
{[%emt 00:12:50]} 12. Re1 {[%clk 01:24:23]} {[%emt 00:00:13]} Bg4 {[%clk
01:09:07]} {[%emt 00:01:38]} 13. Be3 {[%clk 01:20:23]} {[%emt 00:04:30]} Bxf3
{[%clk 01:06:05]} {[%emt 00:03:32]} 14. gxf3 {[%clk 01:20:07]} {[%emt
00:00:46]} Qb6 {[%clk 00:59:53]} {[%emt 00:06:43]} 15. Nd2 {[%clk 01:12:55]}
{[%emt 00:07:41]} Rfd8 {[%clk 00:53:00]} {[%emt 00:07:23]} 16. Qb3 {[%clk
01:11:08]} {[%emt 00:02:17]} Qa7 {[%clk 00:51:38]} {[%emt 00:01:52]} 17. e6
{[%clk 01:08:17]} {[%emt 00:03:20]} cxd4 {[%clk 00:42:39]} {[%emt 00:09:31]}
18. exf7+ {[%clk 01:08:30]} {[%emt 00:00:16]} Kh8 {[%clk 00:42:52]} {[%emt
00:00:18]} 19. cxd4 {[%clk 01:08:24]} {[%emt 00:00:36]} Nxd4 {[%clk 00:41:16]}
{[%emt 00:02:06]} 20. Qa3 {[%clk 01:02:29]} {[%emt 00:06:26]} Rf8 {[%clk
00:36:58]} {[%emt 00:04:46]} 21. Qxe7 {[%clk 00:55:13]} {[%emt 00:07:46]} b5
{[%clk 00:34:59]} {[%emt 00:02:29]} 22. Qxa7 {[%clk 00:54:39]} {[%emt
00:01:04]} Rxa7 {[%clk 00:35:25]} {[%emt 00:00:04]} 23. Rac1 {[%clk 00:51:54]}
{[%emt 00:03:14]} Raxf7 {[%clk 00:35:31]} {[%emt 00:00:25]} 24. b3 {[%clk
00:51:25]} {[%emt 00:00:59]} Nxf3+ {[%clk 00:34:54]} {[%emt 00:01:07]} 25. Nxf3
{[%clk 00:49:22]} {[%emt 00:02:33]} Rxf3 {[%clk 00:35:19]} {[%emt 00:00:06]}
26. Rc7 {[%clk 00:49:22]} {[%emt 00:00:29]} R3f7 {[%clk 00:32:39]} {[%emt
00:03:10]} 27. Rec1 {[%clk 00:49:23]} {[%emt 00:00:29]} Kg8 {[%clk 00:32:07]}
{[%emt 00:01:02]} 28. Kf1 {[%clk 00:46:22]} {[%emt 00:03:31]} Be5 {[%clk
00:31:01]} {[%emt 00:01:36]} 29. Rxf7 {[%clk 00:45:26]} {[%emt 00:01:26]} Rxf7
{[%clk 00:30:48]} {[%emt 00:00:43]} 30. Rc8+ {[%clk 00:39:28]} {[%emt
00:06:27]} Rf8 {[%clk 00:31:04]} {[%emt 00:00:15]} 31. Rc6 {[%clk 00:39:06]}
{[%emt 00:00:53]} Rf6 {[%clk 00:31:09]} {[%emt 00:00:24]} 32. Rc5 {[%clk
00:35:24]} {[%emt 00:04:13]} Bxh2 {[%clk 00:28:09]} {[%emt 00:03:30]} 33. Bh6
{[%clk 00:35:41]} {[%emt 00:00:13]} Kf7 {[%clk 00:25:40]} {[%emt 00:02:58]} 34.
Rc8 {[%clk 00:35:08]} {[%emt 00:01:03]} Be5 {[%clk 00:23:02]} {[%emt 00:03:08]}
35. f4 {[%clk 00:23:28]} {[%emt 00:12:10]} Bd6 {[%clk 00:20:59]} {[%emt
00:02:33]} 36. Ke2 {[%clk 00:23:17]} {[%emt 00:00:41]} Rf5 {[%clk 00:18:57]}
{[%emt 00:02:33]} 37. Ra8 {[%clk 00:19:06]} {[%emt 00:04:41]} Rh5 {[%clk
00:15:03]} {[%emt 00:04:24]} 38. Rxa6 {[%clk 00:19:19]} {[%emt 00:00:16]} Be7
{[%clk 00:15:23]} {[%emt 00:00:10]} 39. Bg5 {[%clk 00:19:00]} {[%emt 00:00:49]}
Bxg5 {[%clk 00:15:48]} {[%emt 00:00:06]} 40. fxg5 {[%clk 00:19:26]} {[%emt
00:00:03]} Rxg5 {[%clk 00:16:13]} {[%emt 00:00:05]} 41. Ra7+ {[%clk 00:19:44]}
{[%emt 00:00:12]} Kg8 {[%clk 00:16:20]} {[%emt 00:00:23]} 42. Ra5 {[%clk
00:18:04]} {[%emt 00:02:11]} Rg2+ {[%clk 00:15:47]} {[%emt 00:01:02]} 43. Kf3
{[%clk 00:17:46]} {[%emt 00:00:49]} Rb2 {[%clk 00:15:53]} {[%emt 00:00:24]} 44.
Rxb5 {[%clk 00:17:40]} {[%emt 00:00:36]} Rxa2 {[%clk 00:16:16]} {[%emt
00:00:06]} 45. Rb7 {[%clk 00:18:06]} {[%emt 00:00:04]} Ra5 {[%clk 00:11:49]}
{[%emt 00:04:55]} 46. b4 {[%clk 00:17:58]} {[%emt 00:00:40]} Rf5+ {[%clk
00:11:49]} {[%emt 00:00:29]} 47. Ke4 {[%clk 00:08:46]} {[%emt 00:09:43]} h5
{[%clk 00:11:19]} {[%emt 00:01:00]} 48. b5 {[%clk 00:07:00]} {[%emt 00:02:16]}
h4 {[%clk 00:11:36]} {[%emt 00:00:14]} 49. Rb8+ {[%clk 00:07:22]} {[%emt
00:00:08]} Kg7 {[%clk 00:11:45]} {[%emt 00:00:20]} 50. Rb7+ {[%clk 00:07:44]}
{[%emt 00:00:07]} Kf6 {[%clk 00:11:27]} {[%emt 00:00:49]} 51. b6 {[%clk
00:04:35]} {[%emt 00:03:39]} Rb5 {[%clk 00:19:10]} {[%emt 00:22:47]} 52. Kf3
{[%clk 00:32:48]} {[%emt 00:02:17]} Rb4 {[%clk 00:14:13]} {[%emt 00:05:28]} 53.
Rh7 {[%clk 00:28:18]} {[%emt 00:04:59]} g5 {[%clk 00:14:05]} {[%emt 00:00:38]}
54. b7 {[%clk 00:28:25]} {[%emt 00:00:24]} Kg6 {[%clk 00:13:58]} {[%emt
00:00:36]} 55. Rc7 {[%clk 00:28:23]} {[%emt 00:00:32]} g4+ {[%clk 00:13:34]}
{[%emt 00:00:54]} 56. Ke3 {[%clk 00:27:49]} {[%emt 00:01:04]} h3 {[%clk
00:13:09]} {[%emt 00:00:55]} 57. Rc4 {[%clk 00:26:32]} {[%emt 00:01:47]} Rxb7
{[%clk 00:07:10]} {[%emt 00:06:29]} 58. Rxg4+ {[%clk 00:26:55]} {[%emt
00:00:08]} Kh5 {[%clk 00:07:13]} {[%emt 00:00:26]} 59. Rg8 {[%clk 00:27:12]}
{[%emt 00:00:13]} Rf7 {[%clk 00:07:30]} {[%emt 00:00:13]} 60. Ke2 {[%clk
00:27:21]} {[%emt 00:00:21]} Kh4 {[%clk 00:06:57]} {[%emt 00:01:03]} 61. Rh8+
{[%clk 00:27:35]} {[%emt 00:00:16]} Kg3 {[%clk 00:07:24]} {[%emt 00:00:02]} 62.
Rg8+ {[%clk 00:28:00]} {[%emt 00:00:06]} Kh2 {[%clk 00:07:38]} {[%emt
00:00:17]} 63. Rh8 {[%clk 00:28:21]} {[%emt 00:00:08]} Rg7 {[%clk 00:06:36]}
{[%emt 00:01:32]} 64. Kf2 {[%clk 00:28:45]} {[%emt 00:00:06]} Rg2+ {[%clk
00:06:55]} {[%emt 00:00:11]} 65. Kf1 {[%clk 00:28:59]} {[%emt 00:00:16]} Ra2
{[%clk 00:07:00]} {[%emt 00:00:24]} 66. Rh7 {[%clk 00:29:19]} {[%emt 00:00:10]}
Ra5 {[%clk 00:07:00]} {[%emt 00:00:30]} 67. Kf2 {[%clk 00:29:42]} {[%emt
00:00:09]} Rf5+ {[%clk 00:07:27]} {[%emt 00:00:02]} 68. Ke2 {[%clk 00:30:07]}
{[%emt 00:00:05]} Kg3 {[%clk 00:07:43]} {[%emt 00:00:13]} 69. Rg7+ {[%clk
00:30:23]} {[%emt 00:00:14]} Kh2 {[%clk 00:07:40]} {[%emt 00:00:35]} 70. Rh7
{[%clk 00:30:45]} {[%emt 00:00:07]} Ra5 {[%clk 00:07:21]} {[%emt 00:00:49]} 71.
Kf2 {[%clk 00:31:09]} {[%emt 00:00:06]} Ra2+ {[%clk 00:07:33]} {[%emt
00:00:17]} 72. Kf1 {[%clk 00:31:35]} {[%emt 00:00:04]} Ra3 {[%clk 00:07:47]}
{[%emt 00:00:17]} 73. Kf2 {[%clk 00:31:59]} {[%emt 00:00:05]} Ra2+ {[%clk
00:07:56]} {[%emt 00:00:21]} 1/2-1/2

[Event "DEM U18 2025"]
[Site "Willingen GER"]
[Date "2025.06.08"]
[Round "2"]
[White "Stork, Christopher"]
[Black "Heinrich, John"]
[Result "0-1"]
[Termination "normal"]
[Board "7"]
[BlackTitle "FM"]
[WhiteElo "2132"]
[BlackElo "2359"]
[WhiteClock "00:03:00"]
[BlackClock "00:03:27"]
[PlyCount "121"]
[WhiteFideId "16215400"]
[BlackFideId "16259491"]
[EventCountry "GER"]
[EventRounds "9"]
[EventType "swiss"]
[EventDate "2025.06.07"]

1. c4 {[%clk 01:30:52]} {[%emt 00:00:08]} e5 {[%clk 01:29:53]} {[%emt
00:01:08]} 2. Nc3 {[%clk 01:30:48]} {[%emt 00:00:34]} Bb4 {[%clk 01:30:05]}
{[%emt 00:00:17]} 3. Qb3 {[%clk 01:31:09]} {[%emt 00:00:09]} Bxc3 {[%clk
01:23:36]} {[%emt 00:07:00]} 4. Qxc3 {[%clk 01:31:29]} {[%emt 00:00:09]} d6
{[%clk 01:23:42]} {[%emt 00:00:25]} 5. g3 {[%clk 01:27:50]} {[%emt 00:04:08]}
Nf6 {[%clk 01:22:15]} {[%emt 00:01:57]} 6. d3 {[%clk 01:25:36]} {[%emt
00:02:44]} O-O {[%clk 01:19:43]} {[%emt 00:03:01]} 7. Bg2 {[%clk 01:23:51]}
{[%emt 00:02:17]} Re8 {[%clk 01:13:17]} {[%emt 00:06:56]} 8. e4 {[%clk
01:20:41]} {[%emt 00:03:39]} c6 {[%clk 01:12:24]} {[%emt 00:01:24]} 9. Ne2
{[%clk 01:20:00]} {[%emt 00:01:10]} d5 {[%clk 01:10:41]} {[%emt 00:02:13]} 10.
O-O {[%clk 01:16:37]} {[%emt 00:03:53]} Nbd7 {[%clk 01:09:55]} {[%emt
00:01:16]} 11. Qc2 {[%clk 01:14:04]} {[%emt 00:03:03]} Nf8 {[%clk 01:03:37]}
{[%emt 00:06:48]} 12. Bg5 {[%clk 01:09:34]} {[%emt 00:04:59]} dxe4 {[%clk
01:00:58]} {[%emt 00:03:10]} 13. dxe4 {[%clk 01:07:30]} {[%emt 00:02:34]} Ne6
{[%clk 01:00:17]} {[%emt 00:01:11]} 14. Rad1 {[%clk 01:04:05]} {[%emt
00:03:55]} Qe7 {[%clk 01:00:42]} {[%emt 00:00:04]} 15. Bxf6 {[%clk 00:58:28]}
{[%emt 00:06:07]} Qxf6 {[%clk 01:00:47]} {[%emt 00:00:26]} 16. c5 {[%clk
00:58:34]} {[%emt 00:00:25]} b6 {[%clk 00:59:44]} {[%emt 00:01:33]} 17. cxb6
{[%clk 00:46:47]} {[%emt 00:12:17]} axb6 {[%clk 00:59:41]} {[%emt 00:00:32]}
18. Qxc6 {[%clk 00:38:31]} {[%emt 00:08:45]} Ba6 {[%clk 01:00:03]} {[%emt
00:00:08]} 19. Qc2 {[%clk 00:38:51]} {[%emt 00:00:10]} Rac8 {[%clk 00:51:42]}
{[%emt 00:08:51]} 20. Qd2 {[%clk 00:37:25]} {[%emt 00:01:57]} Red8 {[%clk
00:50:50]} {[%emt 00:01:22]} 21. Qe3 {[%clk 00:37:39]} {[%emt 00:00:15]} Nd4
{[%clk 00:50:52]} {[%emt 00:00:28]} 22. Nxd4 {[%clk 00:36:49]} {[%emt
00:01:20]} Bxf1 {[%clk 00:46:02]} {[%emt 00:05:20]} 23. Bxf1 {[%clk 00:36:50]}
{[%emt 00:00:28]} Rxd4 {[%clk 00:45:42]} {[%emt 00:00:50]} 24. Rxd4 {[%clk
00:35:48]} {[%emt 00:01:33]} exd4 {[%clk 00:46:06]} {[%emt 00:00:06]} 25. Qd2
{[%clk 00:35:44]} {[%emt 00:00:34]} h5 {[%clk 00:44:40]} {[%emt 00:01:57]} 26.
h4 {[%clk 00:35:22]} {[%emt 00:00:53]} g6 {[%clk 00:42:26]} {[%emt 00:02:44]}
27. b3 {[%clk 00:32:12]} {[%emt 00:03:40]} Qf3 {[%clk 00:40:46]} {[%emt
00:02:09]} 28. Qxd4 {[%clk 00:29:56]} {[%emt 00:02:46]} Rc1 {[%clk 00:38:17]}
{[%emt 00:02:59]} 29. Qd8+ {[%clk 00:26:59]} {[%emt 00:03:27]} Kh7 {[%clk
00:38:22]} {[%emt 00:00:25]} 30. Qd2 {[%clk 00:24:04]} {[%emt 00:03:24]} Ra1
{[%clk 00:32:18]} {[%emt 00:06:35]} 31. e5 {[%clk 00:17:07]} {[%emt 00:07:28]}
Rd1 {[%clk 00:25:38]} {[%emt 00:07:08]} 32. Qc2 {[%clk 00:12:29]} {[%emt
00:05:10]} Re1 {[%clk 00:22:00]} {[%emt 00:04:07]} 33. Qd2 {[%clk 00:09:42]}
{[%emt 00:03:17]} Qe4 {[%clk 00:18:15]} {[%emt 00:04:15]} 34. f4 {[%clk
00:05:21]} {[%emt 00:04:51]} Qb1 {[%clk 00:16:32]} {[%emt 00:02:13]} 35. Qf2
{[%clk 00:04:59]} {[%emt 00:00:52]} Rc1 {[%clk 00:16:32]} {[%emt 00:00:30]} 36.
e6 {[%clk 00:04:33]} {[%emt 00:00:56]} fxe6 {[%clk 00:16:48]} {[%emt 00:00:13]}
37. Qf3 {[%clk 00:03:54]} {[%emt 00:01:10]} Re1 {[%clk 00:13:06]} {[%emt
00:04:12]} 38. Qf2 {[%clk 00:02:14]} {[%emt 00:02:10]} Qa1 {[%clk 00:09:24]}
{[%emt 00:04:12]} 39. Kg2 {[%clk 00:01:23]} {[%emt 00:01:21]} Rb1 {[%clk
00:09:14]} {[%emt 00:00:41]} 40. Qf3 {[%clk 00:00:52]} {[%emt 00:01:01]} Qxa2+
{[%clk 00:09:19]} {[%emt 00:00:25]} 41. Kh3 {[%clk 00:00:32]} {[%emt 00:00:49]}
Qa1 {[%clk 00:04:49]} {[%emt 00:05:00]} 42. Bg2 {[%clk 00:29:43]} {[%emt
00:01:19]} Kh6 {[%clk 00:28:27]} {[%emt 00:06:52]} 43. Qc6 {[%clk 00:26:16]}
{[%emt 00:03:55]} Rxb3 {[%clk 00:22:27]} {[%emt 00:06:32]} 44. Qe8 {[%clk
00:24:30]} {[%emt 00:02:16]} Qc3 {[%clk 00:20:02]} {[%emt 00:02:55]} 45. Qf8+
{[%clk 00:24:48]} {[%emt 00:00:12]} Qg7 {[%clk 00:20:22]} {[%emt 00:00:10]} 46.
Qd8 {[%clk 00:23:44]} {[%emt 00:01:33]} Kh7 {[%clk 00:16:15]} {[%emt 00:04:38]}
47. Be4 {[%clk 00:18:49]} {[%emt 00:05:25]} Re3 {[%clk 00:15:20]} {[%emt
00:01:25]} 48. Bc2 {[%clk 00:17:48]} {[%emt 00:01:31]} Rc3 {[%clk 00:15:14]}
{[%emt 00:00:36]} 49. Be4 {[%clk 00:17:00]} {[%emt 00:01:18]} Rc4 {[%clk
00:14:50]} {[%emt 00:00:54]} 50. Bb1 {[%clk 00:16:30]} {[%emt 00:01:00]} Rc7
{[%clk 00:14:14]} {[%emt 00:01:03]} 51. Qg5 {[%clk 00:15:23]} {[%emt 00:01:41]}
Rc5 {[%clk 00:14:38]} {[%emt 00:00:05]} 52. Qd8 {[%clk 00:15:19]} {[%emt
00:00:33]} Rb5 {[%clk 00:10:53]} {[%emt 00:04:15]} 53. Be4 {[%clk 00:14:23]}
{[%emt 00:01:26]} Rb4 {[%clk 00:11:10]} {[%emt 00:00:14]} 54. Bc2 {[%clk
00:13:15]} {[%emt 00:01:38]} Qf7 {[%clk 00:06:55]} {[%emt 00:04:44]} 55. Qg5
{[%clk 00:12:49]} {[%emt 00:00:56]} Rc4 {[%clk 00:06:08]} {[%emt 00:01:19]} 56.
Bb1 {[%clk 00:10:43]} {[%emt 00:02:36]} Rc5 {[%clk 00:06:21]} {[%emt 00:00:16]}
57. Qd8 {[%clk 00:10:59]} {[%emt 00:00:14]} b5 {[%clk 00:05:15]} {[%emt
00:01:37]} 58. Be4 {[%clk 00:08:25]} {[%emt 00:03:04]} b4 {[%clk 00:05:26]}
{[%emt 00:00:19]} 59. Qb6 {[%clk 00:08:11]} {[%emt 00:00:43]} Rc4 {[%clk
00:05:37]} {[%emt 00:00:20]} 60. Bb1 {[%clk 00:07:53]} {[%emt 00:00:48]} e5
{[%clk 00:03:27]} {[%emt 00:02:39]} 61. Bd3 {[%clk 00:03:00]} {[%emt 00:05:23]}
Rd4 {[%clk 00:02:45]} {[%emt 00:01:12]} 62. f5 {[%clk 00:01:49]} {[%emt
00:01:41]} Rxd3 {[%clk 00:02:47]} {[%emt 00:00:29]} 63. fxg6+ {[%clk 00:02:14]}
{[%emt 00:00:04]} Qxg6 {[%clk 00:03:11]} {[%emt 00:00:07]} 64. Qc7+ {[%clk
00:02:28]} {[%emt 00:00:15]} Qg7 {[%clk 00:03:18]} {[%emt 00:00:23]} 0-1

[Event "DEM U18 2025"]
[Site "Willingen GER"]
[Date "2025.06.08"]
[Round "2"]
[White "Semling, Julius"]
[Black "Stichter, Constantin Paul"]
[Result "1/2-1/2"]
[Termination "normal"]
[Board "8"]
[BlackTitle "CM"]
[WhiteElo "2199"]
[BlackElo "2216"]
[WhiteClock "00:00:36"]
[BlackClock "00:00:46"]
[PlyCount "72"]
[WhiteFideId "16290160"]
[BlackFideId "34603140"]
[EventCountry "GER"]
[EventRounds "9"]
[EventType "swiss"]
[EventDate "2025.06.07"]

1. e4 {[%clk 01:30:58]} {[%emt 00:00:02]} e6 {[%clk 01:30:59]} {[%emt
00:00:02]} 2. d4 {[%clk 01:31:19]} {[%emt 00:00:08]} d5 {[%clk 01:31:28]} 3. e5
{[%clk 01:31:39]} {[%emt 00:00:10]} c5 {[%clk 01:31:54]} {[%emt 00:00:04]} 4.
c3 {[%clk 01:32:03]} {[%emt 00:00:07]} Nc6 {[%clk 01:32:20]} {[%emt 00:00:03]}
5. Nf3 {[%clk 01:32:25]} {[%emt 00:00:07]} Bd7 {[%clk 01:31:33]} {[%emt
00:01:18]} 6. Be2 {[%clk 01:32:35]} {[%emt 00:00:20]} Nge7 {[%clk 01:31:36]}
{[%emt 00:00:27]} 7. O-O {[%clk 01:32:24]} {[%emt 00:00:41]} Ng6 {[%clk
01:32:01]} {[%emt 00:00:04]} 8. Be3 {[%clk 01:31:58]} {[%emt 00:00:56]} cxd4
{[%clk 01:31:51]} {[%emt 00:00:41]} 9. cxd4 {[%clk 01:31:50]} {[%emt 00:00:38]}
Be7 {[%clk 01:31:55]} {[%emt 00:00:27]} 10. Nc3 {[%clk 01:30:07]} {[%emt
00:02:13]} O-O {[%clk 01:31:41]} {[%emt 00:00:44]} 11. Bd3 {[%clk 01:23:30]}
{[%emt 00:07:05]} f6 {[%clk 01:29:10]} {[%emt 00:03:02]} 12. exf6 {[%clk
01:22:20]} {[%emt 00:01:40]} Rxf6 {[%clk 01:28:22]} {[%emt 00:01:18]} 13. Re1
{[%clk 01:17:35]} {[%emt 00:05:14]} Nf4 {[%clk 01:25:38]} {[%emt 00:03:15]} 14.
Bb1 {[%clk 01:13:27]} {[%emt 00:04:37]} Qf8 {[%clk 01:03:48]} {[%emt 00:22:20]}
15. Ng5 {[%clk 00:39:15]} {[%emt 00:34:42]} Rh6 {[%clk 00:46:09]} {[%emt
00:18:10]} 16. Nf3 {[%clk 00:30:20]} {[%emt 00:09:25]} Rf6 {[%clk 00:45:34]}
{[%emt 00:01:05]} 17. g3 {[%clk 00:26:37]} {[%emt 00:04:14]} Ng6 {[%clk
00:42:47]} {[%emt 00:03:17]} 18. Kg2 {[%clk 00:24:44]} {[%emt 00:02:23]} Rd8
{[%clk 00:38:51]} {[%emt 00:04:26]} 19. h4 {[%clk 00:19:19]} {[%emt 00:05:55]}
e5 {[%clk 00:28:29]} {[%emt 00:10:53]} 20. Nxe5 {[%clk 00:15:39]} {[%emt
00:04:10]} Ncxe5 {[%clk 00:24:20]} {[%emt 00:04:39]} 21. dxe5 {[%clk 00:16:01]}
{[%emt 00:00:09]} Nxe5 {[%clk 00:23:07]} {[%emt 00:01:42]} 22. Qxd5+ {[%clk
00:13:49]} {[%emt 00:02:42]} Re6 {[%clk 00:09:57]} {[%emt 00:13:39]} 23. Be4
{[%clk 00:13:05]} {[%emt 00:01:14]} Kh8 {[%clk 00:04:31]} {[%emt 00:05:56]} 24.
Rad1 {[%clk 00:09:39]} {[%emt 00:03:57]} Ng4 {[%clk 00:01:18]} {[%emt
00:03:43]} 25. Qxb7 {[%clk 00:07:18]} {[%emt 00:02:52]} Nxe3+ {[%clk 00:00:39]}
{[%emt 00:01:09]} 26. Rxe3 {[%clk 00:07:20]} {[%emt 00:00:28]} Bd6 {[%clk
00:00:32]} {[%emt 00:00:35]} 27. Rf3 {[%clk 00:05:56]} {[%emt 00:01:55]} Qe8
{[%clk 00:00:40]} {[%emt 00:00:22]} 28. Bd5 {[%clk 00:04:04]} {[%emt 00:02:22]}
Re7 {[%clk 00:00:48]} {[%emt 00:00:22]} 29. Qa6 {[%clk 00:01:53]} {[%emt
00:02:40]} Bg4 {[%clk 00:01:04]} {[%emt 00:00:14]} 30. Rd4 {[%clk 00:01:30]}
{[%emt 00:00:53]} Bxf3+ 31. Bxf3 {[%clk 00:01:59]} Bc5 {[%clk 00:01:31]} {[%emt
00:00:23]} 32. Rxd8 {[%clk 00:01:23]} {[%emt 00:01:06]} Qxd8 {[%clk 00:01:58]}
{[%emt 00:00:02]} 33. Ne4 {[%clk 00:01:09]} {[%emt 00:00:44]} Bb6 {[%clk
00:01:37]} {[%emt 00:00:52]} 34. Qc4 {[%clk 00:01:01]} {[%emt 00:00:37]} h6
{[%clk 00:00:36]} {[%emt 00:01:31]} 35. b4 {[%clk 00:00:43]} {[%emt 00:00:49]}
Qf8 {[%clk 00:00:35]} {[%emt 00:00:30]} 36. a4 {[%clk 00:00:36]} {[%emt
00:00:38]} Rc7 {[%clk 00:00:46]} {[%emt 00:00:19]} 1/2-1/2

[Event "DEM U18 2025"]
[Site "Willingen GER"]
[Date "2025.06.08"]
[Round "2"]
[White "Isbilir, Levin"]
[Black "Müller, Maximilian"]
[Result "1/2-1/2"]
[Termination "normal"]
[Board "9"]
[WhiteElo "2118"]
[BlackElo "2018"]
[WhiteClock "00:06:30"]
[BlackClock "00:43:21"]
[PlyCount "41"]
[WhiteFideId "16267192"]
[BlackFideId "16243552"]
[EventCountry "GER"]
[EventRounds "9"]
[EventType "swiss"]
[EventDate "2025.06.07"]

1. e4 {[%clk 01:30:51]} {[%emt 00:00:07]} e6 {[%clk 01:30:56]} {[%emt
00:00:05]} 2. d4 {[%clk 01:31:09]} {[%emt 00:00:13]} d5 {[%clk 01:31:17]}
{[%emt 00:00:09]} 3. e5 {[%clk 01:31:27]} {[%emt 00:00:12]} c5 {[%clk
01:31:44]} {[%emt 00:00:03]} 4. c3 {[%clk 01:31:53]} {[%emt 00:00:05]} Nc6
{[%clk 01:32:11]} {[%emt 00:00:02]} 5. Nf3 {[%clk 01:32:17]} {[%emt 00:00:05]}
Qb6 {[%clk 01:32:38]} {[%emt 00:00:03]} 6. Be2 {[%clk 01:32:38]} {[%emt
00:00:09]} Nh6 {[%clk 01:32:59]} {[%emt 00:00:10]} 7. Bxh6 {[%clk 01:32:53]}
{[%emt 00:00:15]} gxh6 {[%clk 01:33:25]} {[%emt 00:00:04]} 8. Qd2 {[%clk
01:32:48]} {[%emt 00:00:34]} Bg7 {[%clk 01:33:46]} {[%emt 00:00:09]} 9. O-O
{[%clk 01:32:32]} {[%emt 00:00:46]} O-O {[%clk 01:34:12]} {[%emt 00:00:04]} 10.
Na3 {[%clk 01:32:24]} {[%emt 00:00:38]} cxd4 {[%clk 01:34:38]} {[%emt
00:00:05]} 11. cxd4 {[%clk 01:32:50]} {[%emt 00:00:03]} f6 {[%clk 01:35:05]}
{[%emt 00:00:04]} 12. exf6 {[%clk 01:32:48]} {[%emt 00:00:32]} Rxf6 {[%clk
01:35:31]} {[%emt 00:00:04]} 13. Nc2 {[%clk 01:33:10]} {[%emt 00:00:07]} Bd7
{[%clk 01:31:31]} {[%emt 00:04:30]} 14. b4 {[%clk 01:31:56]} {[%emt 00:01:44]}
Raf8 {[%clk 01:17:28]} {[%emt 00:14:32]} 15. b5 {[%clk 01:27:22]} {[%emt
00:05:05]} Ne7 {[%clk 01:17:17]} {[%emt 00:00:41]} 16. Ne5 {[%clk 01:22:41]}
{[%emt 00:05:11]} Be8 {[%clk 01:17:45]} {[%emt 00:00:02]} 17. a4 {[%clk
01:01:45]} {[%emt 00:21:26]} Nf5 {[%clk 01:04:48]} {[%emt 00:13:26]} 18. g3
{[%clk 00:47:10]} {[%emt 00:15:05]} Qd6 {[%clk 00:49:06]} {[%emt 00:16:13]} 19.
Ne3 {[%clk 00:30:11]} {[%emt 00:17:28]} Bg6 {[%clk 00:45:35]} {[%emt 00:04:02]}
20. f4 {[%clk 00:19:58]} {[%emt 00:10:43]} Rc8 {[%clk 00:43:21]} {[%emt
00:02:43]} 21. Nxf5 {[%clk 00:06:30]} {[%emt 00:13:59]} 1/2-1/2